| 000 | 00672nam a22002057a 4500 | ||
|---|---|---|---|
| 999 |
_c14284 _d14284 |
||
| 003 | AR-CdUCM | ||
| 008 | 190422b ||||| |||| 00| 0 spa d | ||
| 040 |
_aMUNICIPALIDAD PROVINCIAL DEL CUSCO _cBIBLIOTECA MUNICIPAL DEL CUSCO |
||
| 082 |
_a614 / _bP77 |
||
| 110 |
_aOlla popular _933009 |
||
| 245 | _aCuadernos Olla popular / | ||
| 260 | _c1981. | ||
| 300 |
_a22 páginas ; _c20 cm. |
||
| 505 | _aContenido : Habito alimenticios -- Emergencias -- Mal nutrición y enfermedad -- Consejos sanos ... | ||
| 650 |
_aPrevención de enfermedades _921412 |
||
| 650 |
_aSalud _98684 |
||
| 650 |
_aAlimentación _919429 |
||
| 942 |
_2ddc _cFOLLETOS |
||
| 945 |
_arah _d22/04/2019 |
||